Credit Growth in the Middle East, North Africa, and Central Asia Region /

Rapid private sector credit growth in the Middle East, North Africa, and Central Asia has been a result of strong economic growth, financial deepening, and banks' willingness to explore consumer credit markets. Economic growth, the initial ratio of private sector credit to GDP, price volatility...

Ful tanımlama

Detaylı Bibliyografya
Yazar: Crowley, Joe
Materyal Türü: Dergi
Dil:English
Baskı/Yayın Bilgisi: Washington, D.C. : International Monetary Fund, 2008.
Seri Bilgileri:IMF Working Papers; Working Paper ; No. 2008/184
Online Erişim:Full text available on IMF
LEADER 01605cas a2200241 a 4500
001 AALejournalIMF005161
008 230101c9999 xx r poo 0 0eng d
020 |c 5.00 USD 
020 |z 9781451870428 
022 |a 1018-5941 
040 |a BD-DhAAL  |c BD-DhAAL 
100 1 |a Crowley, Joe. 
245 1 0 |a Credit Growth in the Middle East, North Africa, and Central Asia Region /  |c Joe Crowley. 
264 1 |a Washington, D.C. :  |b International Monetary Fund,  |c 2008. 
300 |a 1 online resource (60 pages) 
490 1 |a IMF Working Papers 
500 |a <strong>Off-Campus Access:</strong> No User ID or Password Required 
500 |a <strong>On-Campus Access:</strong> No User ID or Password Required 
506 |a Electronic access restricted to authorized BRAC University faculty, staff and students 
520 3 |a Rapid private sector credit growth in the Middle East, North Africa, and Central Asia has been a result of strong economic growth, financial deepening, and banks' willingness to explore consumer credit markets. Economic growth, the initial ratio of private sector credit to GDP, price volatility, and nonoil exports are found to be significant explanatory variables, while oil exports and spillovers from oil exporting neighbors were not found to have any significance. The credit growth has financed consumer spending and home ownership rather than investment. 
538 |a Mode of access: Internet 
830 0 |a IMF Working Papers; Working Paper ;  |v No. 2008/184 
856 4 0 |z Full text available on IMF  |u http://elibrary.imf.org/view/journals/001/2008/184/001.2008.issue-184-en.xml  |z IMF e-Library